000 01966cam a2200289 4500500
005 20260412000708.0
041 _afre
042 _adc
100 1 0 _aAmer Meziane, Mohamed
_eauthor
245 0 0 _aMarx ou le fétichisme inversé. Comment l’anthropologie de « la religion » délimite la critique terrestre
260 _c2018.
500 _a19
520 _aCet article montre que l’anthropologie religieuse est le point aveugle du marxisme. Il renvoie dos-à-dos l’athéisme communiste et les théologies de la révolution en les saisissant comme deux faces d’une même hégémonie biblique s’exerçant sur le langage des luttes d’émancipation. Il analyse ensuite la façon dont la construction croisée des concepts de religion et d’aliénation limite la critique du capitalisme et de l’État. La critique terrestre devrait donc être refondée si l’anthropologie qui la soutenait s’écroule.
520 _aThe article shows religious anthropology to be the blind spot in Marxism. It thus explains how Communist « atheism » and Liberation « theologies » are merely two faces of the same Biblical hegemony defining the discourses of liberation struggles. Having analyzed how the reciprocity between the construction of the concepts of religion and of alienation has constrained the critique of capitalism and of the State, it concludes that the emergence of a renovated terrestrial critique would ensue from the collapse of the anthropological foundations which until now have underpinned it.
690 _aaliénation
690 _aanthropologie
690 _abiblisme
690 _acritique
690 _aÉtat
690 _aalienation
690 _aanthropology
690 _abiblicism
690 _acritique
690 _aState
786 0 _nActuel Marx | 64 | 2 | 2018-09-12 | p. 30-46 | 0994-4524
856 4 1 _uhttps://shs.cairn.info/revue-actuel-marx-2018-2-page-30?lang=fr&redirect-ssocas=7080
999 _c2210940
_d2210940